000
00275nam a22001217a 4500
008
170512b xxu||||| |||| 00| 0 eng d
041
_a
eng
080
_2
5 ED
_a
94
100
_a
16
101
_a
SHH
245
_a
A HISTORY OF CIVILIZATION
_c
BRINTON.C
942
_2
udc
_c
BK
999
_c
13310
_d
13310